01123nam a2200229 a 450000100100000000500170001000800410002704000250006808200200009310000320011324500440014526000430018930000210023265000280025365000310028104900090031295201290032195201290045095201760057995201230075599900150087800000946120240412074211.0090930s1958 dr 000 p spa d aDO-SdBNPbspacBNPHU aRD861.42bR759b1 aRomano, R. Clodomiro92426510aBrotes líricos /cClodomiro Romano R. aCiudad Trujillo :bArte y Cine,c1958. a112 p. ;c23 cm. 0aPoesía dominicana966 0aLiteratura dominicana.967 aBNPD 001054708RVaGRbGRcCTd2011-05-30iLF1l0oRD861.42 R759bp9461-30r2020-06-25te. 3w2020-06-25y4ZPréstamo en sala 001054708RVaGRbGRcCTd2012-03-20iLF1l0oRD861.42 R759bp9461-40r2020-06-25te. 4w2020-06-25y4ZPréstamo en sala 001050718RVaPDbPDcHDd2009-09-30iLF1l0oRD861.42 R759bp9461-10r2020-06-25w2020-06-25y1zPerteneció a la biblioteca personal de Martínez Boog.ZNo se presta 001050718RVaPDbPDcCTd2009-09-30iLF1l0oRD861.42 R759bp9461-20r2020-06-25te. 2w2020-06-25y1ZNo se presta c9221d9221